[Event "ITA-ch U16"]
[Site "Salsomaggiore Terme"]
[Date "2019.07.14"]
[Round "9"]
[White "Seccia, Alessandro"]
[Black "Musso, Alessio"]
[Result "0-1"]
[WhiteElo "1732"]
[BlackElo "1899"]
[PlyCount "80"]
[EventDate "2019.07.07"]
[EventType "swiss"]
[EventRounds "9"]
[EventCountry "ITA"]
[SourceTitle "EXT 2020"]
[Source "ChessBase"]
[SourceDate "2019.10.17"]
[SourceVersion "1"]
[SourceVersionDate "2019.10.17"]
[SourceQuality "1"]

1. e4 c5 2. Nf3 Nc6 3. d4 cxd4 4. Nxd4 Nf6 5. Nc3 e5 6. Ndb5 d6 7. Nd5 Nxd5 8. exd5 Nb8 9. c4 a6 10. Nc3 Be7 11. Bd3 0-0 12. 0-0 f5 13. f4 e4 14. Bc2 Bf6 15. Qe1 Qb6+ 16. Kh1 Nd7 17. Rb1 Qb4 18. Qe2 Bxc3 19. bxc3 Qxc3 20. Bb2 Qa5 21. Qe3 Qc7 22. Qd4 Nc5 23. Rfe1 b5 24. Bc3 bxc4 25. Qxc4 Qf7 26. Rb6 Rd8 27. Bb4 Bb7 28. Rb1 Bxd5 29. Qc3 Rac8 30. Qa3 Nd7 31. Rxd6 Rxc2 32. Qa5 Rdc8 33. Qxd5 Rc1+ 34. Be1 Qxd5 35. Rxd5 Rxb1 36. Kg1 Nf6 37. Rxf5 Rxe1+ 38. Kf2 Ra1 39. Ra5 Rc2+ 40. Kg3 Raxa2 0-1

[Event "ITA-ch U16"]
[Site "Salsomaggiore Terme"]
[Date "2019.07.12"]
[Round "7"]
[White "Gazzotti, Francesco"]
[Black "Seccia, Alessandro"]
[Result "1-0"]
[WhiteElo "1770"]
[BlackElo "1732"]
[PlyCount "68"]
[EventDate "2019.07.07"]
[EventType "swiss"]
[EventRounds "9"]
[EventCountry "ITA"]
[SourceTitle "EXT 2020"]
[Source "ChessBase"]
[SourceDate "2019.10.17"]
[SourceVersion "1"]
[SourceVersionDate "2019.10.17"]
[SourceQuality "1"]

1. d4 Nf6 2. c4 e6 3. Nf3 d5 4. g3 dxc4 5. Qa4+ Bd7 6. Qxc4 Bc6 7. Bg2 Be7 8. 0-0 0-0 9. Rd1 Nbd7 10. Qc2 Be4 11. Qb3 Bd5 12. Qc2 c5 13. Nc3 cxd4 14. Nxd5 Nxd5 15. Nxd4 Rc8 16. Qd2 Bb4 17. Qg5 N7f6 18. e4 Nc3 19. bxc3 Bxc3 20. Ba3 Bxa1 21. Bxf8 Kxf8 22. Nxe6+ fxe6 23. Rxd8+ Rxd8 24. Qc5+ Kg8 25. h3 Bd4 26. Qe7 Bb6 27. Qxe6+ Kh8 28. e5 Ng8 29. Bd5 Rf8 30. Kh1 Bxf2 31. Qd6 Rc8 32. Qd7 Rf8 33. Bxg8 Kxg8 34. e6 Bc5 1-0

[Event "Arco Christmas op 8th"]
[Site "Arco"]
[Date "2017.12.26"]
[Round "1"]
[White "Seccia, Alessandro"]
[Black "Lezzerini, Marco"]
[Result "0-1"]
[WhiteElo "1633"]
[BlackElo "2163"]
[PlyCount "72"]
[EventDate "2017.12.26"]
[EventType "swiss"]
[EventRounds "7"]
[EventCountry "ITA"]
[SourceTitle "CBM 182 Extra"]
[Source "ChessBase"]
[SourceDate "2018.02.23"]
[SourceVersion "1"]
[SourceVersionDate "2018.02.23"]
[SourceQuality "1"]

1. d4 e6 2. Nf3 c5 3. e3 d5 4. Be2 Nf6 5. 0-0 Bd6 6. b3 0-0 7. Bb2 Nc6 8. dxc5 Bxc5 9. a3 b6 10. c4 Qe7 11. cxd5 exd5 12. b4 Bd6 13. Qb3 Bg4 14. Nbd2 Rfd8 15. h3 Bh5 16. Bb5 Ne5 17. Nd4 Bg6 18. f4 Nd3 19. Rf3 Nxb2 20. Nc6 Qd7 21. Qxb2 a6 22. Nd4 axb5 23. f5 Bh5 24. g4 Nxg4 25. hxg4 Bxg4 26. Rf2 Be5 27. Raf1 Bh3 28. Re1 Bxf5 29. Rg2 Bh3 30. Rg5 h6 31. Rg2 Bxg2 32. Kxg2 Qg4+ 33. Kf1 Rd6 34. Re2 Qh3+ 35. Ke1 Qh1+ 36. Nf1 Rf6 0-1

[Event "Olbia CIG U16 24th"]
[Site "Olbia"]
[Date "2016.06.29"]
[Round "5"]
[White "Paduano, Claudio"]
[Black "Seccia, Alessandro"]
[Result "0-1"]
[WhiteElo "1880"]
[BlackElo "1332"]
[PlyCount "90"]
[EventDate "2016.06.26"]
[EventType "swiss"]
[EventRounds "9"]
[EventCountry "ITA"]
[SourceTitle "EXT 2024"]
[Source "ChessBase"]
[SourceDate "2023.10.10"]
[SourceVersion "1"]
[SourceVersionDate "2023.10.10"]
[SourceQuality "1"]

1. d4 e6 2. c4 d5 3. Nc3 Nf6 4. Nf3 Be7 5. Bg5 0-0 6. e3 Nbd7 7. Bd3 c5 8. 0-0 dxc4 9. Bxc4 cxd4 10. exd4 a6 11. a4 Qa5 12. Qc2 Re8 13. Rfd1 Nb6 14. Bd3 h6 15. Bd2 Nbd5 16. Rac1 Nb4 17. Na2 Nfd5 18. Qb3 Qb6 19. Be4 a5 20. Bxd5 Nxd5 21. Qxb6 Nxb6 22. b3 Bd7 23. Rc7 Bc6 24. Rc1 Rec8 25. Rxc8+ Nxc8 26. Ne5 Bd5 27. Rc7 Bd6 28. Rc3 Ne7 29. Nd7 Ra6 30. Nc5 Rb6 31. Nc1 Nf5 32. Nd7 Ra6 33. Nc5 Ra8 34. Ne2 Rd8 35. g4 Nh4 36. Be3 Nf3+ 37. Kf1 Nxh2+ 38. Ke1 Nxg4 39. Bf4 e5 40. dxe5 Nxe5 41. Bxe5 Bxe5 42. Rd3 Bc7 43. Nc3 Bc6 44. Rxd8+ Bxd8 45. N5e4 Be7 0-1